00274nam a2200109Ia 450000500170000000800410001710000220005824500450008026000190012530000110014465000090015520260328101440.0260328s9999||||xx |||||||||||||| ||und|| ade la Croix, Host 0aArt Through the Ages /cHost de la Croix bHarcourt Brace a959 p. aARTE